| 000 | 00891nam a22002417a 4500 | ||
|---|---|---|---|
| 005 | 20120803103251.0 | ||
| 008 | 120803t xxu||||| |||| 00| 0 eng d | ||
| 010 | _aENG-105483 | ||
| 020 |
_a9788120345386 _c375.00 |
||
| 035 | _aEN-89016 | ||
| 037 | _bDBAD/PUB | ||
| 040 |
_aDPL _bEng |
||
| 082 | _a621.319 | ||
| 100 | _950692 | ||
| 245 |
_aElectrical power systems : _cby P. Venkatesh...[et al] _banalysis, security and deregulation / |
||
| 260 |
_aNew Delhi _bPHI Learning _c2012 |
||
| 270 |
_aM-97, Connaught Circus _bNew Delhi _e110001 |
||
| 300 |
_axii,516p. : _bill. _c24cm(pbk) |
||
| 500 | _aIncludes bibliographical references and index | ||
| 700 |
_aVenkatesh, P. _950728 |
||
| 942 |
_2ddc _cEN _h621.319 _mELE |
||
| 999 |
_c68841 _d68841 |
||